000 00753nam a2200217Ii 4500
003 JO-AjNU
008 230605s9999||||xx |||||||||||||| ||und||
017 _a2010
040 _aJO-AjNU
_bara
_erda
_cJO-AjNU
041 _aara
050 1 4 _aJQ1825.J65.A82.2010
100 3 _aالعواملة ، نائل عبد الحافظ ,
_eauthor
_928477
245 0 0 _aإدارة المؤسسات العامة ، الأسس النظرية وتطبيقاتها في الأردن
250 _aط1
264 3 1 _aعمان : دار زهران للنشر ، 2010
300 _a183ص
336 _atext
_btxt
_2rdacontent
337 _aunmediated
_bn
_2rdamedia
338 _avolume
_bnc
_2rdacarrier
650 4 _aإدارة -- إدارة المؤسسات
_928478
999 _aA11050
_c14618
_d14618